000 01336nam a22003254a 4500
001 ebr10286203
003 CaPaEBR
006 m u
007 cr cn|||||||||
008 080909s2008 ii a sb 000 0 eng
010 _z 2008039452
020 _z9788178298900 (pbk.)
040 _aCaPaEBR
_cCaPaEBR
035 _a(OCoLC)567829934
050 1 4 _aH62
_b.C376 2008eb
082 0 4 _a300.72
_222
100 1 _aChevalier, Jacques M.,
_d1949-
245 1 0 _aSocial analysis systems 2 (SAS2)
_h[electronic resource] :
_ba guide to collaborative inquiry and social engagement /
_cJacques M. Chevalier, Daniel J. Buckles.
260 _aNew Delhi ;
_aThousand Oaks, Calif. :
_bSAGE Publications,
_c2008.
300 _a311 p. :
_bill. (some col.).
504 _aIncludes bibliographical references.
533 _aElectronic reproduction.
_bPalo Alto, Calif. :
_cebrary,
_d2013.
_nAvailable via World Wide Web.
_nAccess may be limited to ebrary affiliated libraries.
650 0 _aSocial sciences
_xResearch.
650 0 _aSociology
_xResearch.
650 0 _aSocial sciences
_xMethodology.
655 7 _aElectronic books.
_2local
700 1 _aBuckles, Daniel,
_d1955-
710 2 _aebrary, Inc.
856 4 0 _uhttp://site.ebrary.com/lib/rucke/Doc?id=10286203
_zAn electronic book accessible through the World Wide Web; click to view
999 _c2092
_d2092